| 000 | 00733nam a2200229Ia 4500 | ||
|---|---|---|---|
| 003 | OSt | ||
| 005 | 20220926030425.0 | ||
| 006 | a|||||r|||| 00| 0 | ||
| 007 | ta | ||
| 008 | 220923b |||||||| |||| 00| 0 eng d | ||
| 037 | _cGeneral Book | ||
| 040 |
_aRTL _cRTL _beng |
||
| 041 |
_2eng _aeng |
||
| 082 | _aY:32170j5231.5.N7, N7 | ||
| 100 |
_aRotberg Robert I _918936 |
||
| 245 | 0 |
_aMarriage and fertility _b Studies in interdisciplinary History |
|
| 260 |
_aPrinceton _bNJ Princeton University Press _c1980 |
||
| 300 |
_avii,372p _ccm. |
||
| 700 |
_a Rabb Theedore K Ed. _9334265 |
||
| 942 |
_hY:32170j5231.5.N7, N7 _cGB _2CC |
||
| 999 |
_c649707 _d649707 |
||